Hóa học hữu cơ

Guardado en:
Detalles Bibliográficos
Autor principal: Hoàng, Trọng Yêm
Formato: Libro
Lenguaje:Undetermined
Publicado: Hà Nội Khoa học và Kỹ thuật 2005
Materias:
Etiquetas: Agregar Etiqueta
Sin Etiquetas, Sea el primero en etiquetar este registro!
Thư viện lưu trữ: Trung tâm Học liệu Trường Đại học Cần Thơ
LEADER 00608nam a2200193Ia 4500
001 CTU_106387
008 210402s9999 xx 000 0 und d
020 |c 22000 
082 |a 547 
082 |b Y253/T.1 
100 |a Hoàng, Trọng Yêm 
245 0 |a Hóa học hữu cơ 
245 0 |c Chủ biên Hoàng Trọng Yêm ;Trịnh Thanh Đoan, Nguyễn Đăng Quang, Dương Văn Tuệ 
260 |a Hà Nội 
260 |b Khoa học và Kỹ thuật 
260 |c 2005 
650 |a Chemistry, organic 
904 |i Minh 
980 |a Trung tâm Học liệu Trường Đại học Cần Thơ